| 000 | 01814nam0a2200325 4500 | ||
|---|---|---|---|
| 001 | RU\NLR\BIBL_A\011853045 | ||
| 005 | 20181119132253.0 | ||
| 010 |
_a978-5-906935-99-1 _9100 |
||
| 021 |
_aRU _bКН-П-18-075462 _9КН-П-18-5454 |
||
| 035 | _a(NLR Aleph) 011853045 | ||
| 035 | _a(RuMoRGB)009769257 | ||
| 090 |
_a12112300 _c12112300 |
||
| 100 | _a20181102d2018 k y0rusy50 ca | ||
| 101 | 0 | _arus | |
| 102 | _aRU | ||
| 105 | _aa|||z|||000zy | ||
| 200 | 1 |
_aУправление структурными преобразованиями промышленного комплекса в экономике _eмонография _fВодолажская Е.Л., Быстров А.В. _gМинистерство образования и науки Российской Федерации, Федеральное государственное бюджетное образовательное учреждение высшего образования "Казанский национальный исследовательский технологический университет" |
|
| 210 |
_aКазань _cКазанский национальный исследовательский технологический университет _d2018 |
||
| 215 |
_a196 с. _cил., цв. ил., табл. _d21 |
||
| 320 | _aБиблиогр.: с. 193-196 (43 назв.) | ||
| 606 | 1 |
_aПромышленные комплексы _xУправление _92099613 _3RU\NLR\AUTH\661269993 |
|
| 686 | 1 | _aУ30(2)-21 | |
| 686 | 1 | _aУ30(2)-55-21 | |
| 700 | 1 |
_aВодолажская _bЕ. Л. _gЕкатерина Леонидовна |
|
| 701 | 1 |
_aБыстров _bА. В. |
|
| 942 | _cBOOK | ||
| 980 | _aNBR | ||
| 980 | _aNB | ||